Top 30 des rappeurs français les plus populaires - Statistiques

Statistiques générales
  • Ce quiz a été pris 176 fois
    175 depuis la dernière actualisation
  • Le résultat moyen est 14 sur 30
Statistiques - réponses
Top Rappeurs % Correct
1 Jul
92%
2 Ninho
90%
3 Booba
88%
6 Gims
75%
4 PNL
74%
8 Kaaris
71%
18 PLK
67%
9 Niska
66%
5 SCH
66%
26 Sdm
57%
10 Gazo
55%
11 Tiakola
54%
17 Koba LaD
49%
12 Nekfeu
48%
14 Orelsan
44%
27 La Fouine
40%
7 Soprano
39%
24 Zola
36%
21 Alonzo
34%
15 Lacrim
33%
30 Maes
33%
16 Rohff
33%
23 Djadja & Dinaz
32%
20 Vald
26%
13 Fianso
23%
25 Kalash Criminel
23%
22 Josman
22%
19 Rim'K
21%
28 Youssoupha
9%
29 Médine
3%
Aucun quiz correspondant
Distribution des résultats
% des personnes avec chaque résultat
Percentile par nombre de réponses
Votre historique - résultats
Vous n’avez pas pris ce quiz depuis la dernière actualisation